000
00290nam a2200121Ia 4500
008
220204s9999 xx 000 0 und d
082
_a
77.021.17
_b
WAL
100
_a
Ernest
245
0
_a
Technique of film cutting room
260
_a
London
_b
Focal
_c
1973
505
_a
Set price
942
_c
BK
999
_c
36189
_d
36189